SIGPLAN Notices

Gespeichert in:
Bibliographische Detailangaben
Format: Schriftenreihe
Veröffentlicht: 1988
Tags: Tag hinzufügen
Keine Tags, Fügen Sie das erste Tag hinzu!

MARC

LEADER 00000nas a22000003a 4500
001 stu70045
005 20141121233925.0
008 011106s1988----------------------------d
040 |a STU  |b slo 
041 0
245 |a SIGPLAN Notices 
260 |c 1988 
500 |a 1988 
500 |a 1-12 
773 0 |t SIGPLAN Notices :  |w stu_us_cat*stu60260  |x 0362-1340  |7 nnas 
996 |d Vol. 23, 1988  |v Vol. 23  |y 1988  |l EE0103  |s A  |a 24  |w stu70045_0001